Tratado de contabilidad intermedia y superior (Registro nro. 431)

Detalles MARC
000 -LEADER
fixed length control field 01482 a2200217 4500
001 - CONTROL NUMBER
control field 4477
005 - DATE AND TIME OF LATEST TRANSACTION
control field 20260407155435.0
008 - FIXED-LENGTH DATA ELEMENTS--GENERAL INFORMATION
fixed length control field 260407a1984 arg spa d
003 - CONTROL NUMBER IDENTIFIER
control field AR-UNSa-BCEJYS
040 ## - CATALOGING SOURCE
Original cataloging agency AR-UNSa-BCEJYS
Language of cataloging spa
Transcribing agency AR-UNSa-BCEJYS
080 ## - UNIVERSAL DECIMAL CLASSIFICATION NUMBER
Universal Decimal Classification number 657
Common auxiliary subdivision Contabilidad
020 ## - INTERNATIONAL STANDARD BOOK NUMBER
International Standard Book Number 950-537-083-4
100 1# - MAIN ENTRY--PERSONAL NAME
Personal name Biondi, Mario
245 10 - TITLE STATEMENT
Title Tratado de contabilidad intermedia y superior
250 ## - EDITION STATEMENT
Edition statement 2a. ed.
264 #1 - PRODUCTION, PUBLICATION, DISTRIBUTION, MANUFACTURE, AND COPYRIGHT NOTICE
Place of production, publication, distribution, manufacture Buenos Aires :
Name of producer, publisher, distributor, manufacturer Ediciones Macchi
Date of production, publication, distribution, manufacture, or copyright notice 1984
300 ## - PHYSICAL DESCRIPTION
Extent xxix, 1083 p.
Dimensions 22 cm.
505 ## - FORMATTED CONTENTS NOTE
Formatted contents note 1. Enfoque general del esquema contable - 2. Mediación-valuación - 3. Teoría contable básica - 4. Preparación y presentación de la información contable - 5. El tiempo en la vida de las empresas. Momentos y períodos - 6. Estructura patrimonial de la empresa - 7. Disponibilidades - 8. Inversiones temporarias - 9. Cuentas por cobrar - 10. Bienes de cambio - 11. Inversiones permanentes - 12. Inversiones permanentes en acciones - 13. Bienes de uso o propiedad, planta y equipo - 14. Bienes intangibles o inmateriales y cargos diferidos - 15. Compromisos ciertos. Cuentas por pagar. Deudas - 16. Pasivo contingente - 17. Otros pasivos - 18. Operaciones en moneda extranjera - 19. Capital propio. Patrimonio neto. Aportes de los propietarios - 20. Los resultados del ejercicio económico - 21. Soluciones parciales - 22. Soluciones integrales. Ajuste por inflación - 23. Teoría y práctica
590 ## - LOCAL NOTE (RLIN)
Local note niveau_biblio:m niveau_hierar:0
942 ## - ADDED ENTRY ELEMENTS (KOHA)
Koha item type
Existencias
Withdrawn status Lost status Damaged status Not for loan Home library Current library Shelving location Date acquired Total checkouts Full call number Barcode Date last seen Price effective from Koha item type
        Biblioteca Prof. Eusebio Cleto del Rey Biblioteca Prof. Eusebio Cleto del Rey   07/04/2026   657 B615t 2ed. L45208 07/04/2026 07/04/2026 Libro
        Biblioteca Prof. Eusebio Cleto del Rey Biblioteca Prof. Eusebio Cleto del Rey   07/04/2026   657 B615t 2ed. L45214 07/04/2026 07/04/2026 Libro
        Biblioteca Prof. Eusebio Cleto del Rey Biblioteca Prof. Eusebio Cleto del Rey   07/04/2026   657 B615t 2ed. L45211 07/04/2026 07/04/2026 Libro